000 01361nam a2200337 i 4500
003 EG-GICUC
005 20260211195235.0
008 260211s2016 ua ||||fr|||| 00| 0 ara d
017 _a2016/11753
020 _a9789770481165
040 _a EG-GICUC
_bara
_c EG-GICUC
_d EG-GICUC
_erda
041 0 _aara
082 0 4 _a343.431
_bب ش . م
_221
092 0 4 _221
099 _aLaw1 10 343.431 ب ش . م 2016 1006214
100 0 _aبشير سعد زغلول.
_eمؤلف.
245 1 2 _aالمواجهة الجنائية الإجرائية للجريمة الإرهابية :
_bدراسة تحليلية للنصوص التشريعية المصرية /
_cالدكتور بشير سعد زغلول.
264 1 _aالقاهرة :
_bدار النهضة العربية ،
_c2016.
300 _a237 صفحة ؛
_c24 سم.
_bإيضاحيات، صور، مثيليات ؛
336 _2rda content
_atext
337 _2rda media
_aComputer
338 _2rda carrier
_aOnline Resource
504 _aيشتمل على ارجاعات ببليوجرافية.
546 _aالنص باللغة العربية
650 1 4 _aالتشريع الخاص بالإرهاب.
_2qrmak
650 1 4 _aالقانون الجنائي.
_2qrmak
651 1 _2qrmak
856 4 0 _uhttps://fll.law.cu.edu.eg/fulltext/bks/B10-06214.pdf
905 _a18
942 _2ddc
_cBK
_e21
_n0
999 _c62690
_d62690